[Event "Astrakhan FIDE GP"]
[Site "Astrakhan"]
[Date "2010.05.12"]
[Round "3"]
[White "Gashimov, Vugar"]
[Black "Gelfand, Boris"]
[Result "1/2-1/2"]
[WhiteElo "2734"]
[BlackElo "2741"]
[Annotator "Kritz,L"]
[PlyCount "57"]
[EventDate "2010.05.10"]
[EventType "tourn"]
[EventRounds "13"]
[EventCountry "RUS"]
[EventCategory "20"]
[SourceTitle "CBM 137"]
[Source "ChessBase"]
[SourceDate "2010.07.15"]
[SourceVersion "1"]
[SourceVersionDate "2010.07.15"]
[SourceQuality "1"]

1. e4 e5 2. Nf3 Nf6 3. Nxe5 d6 4. Nf3 Nxe4 5. Nc3 Nxc3 6. dxc3 Be7 7. Be3 O-O
8. Qd2 Nd7 9. O-O-O Ne5 10. h4 $1 {Weiß lässt es zu, dass ein doppelter
f-Bauer entsteht - in der Hoffnung auf die offene g-Linie.} ({Die alte
Hauptvariante erlaubt Schwarz gutes Spiel zu bekommen:} 10. Nd4 $6 c5 11. Nb5
Be6 12. Nxd6 Qb6 $44 {Tukhaev - Belikov (Alushta, 2005)}) 10... c6 {Die letzte
Entwicklung der Theorie. Es gibt jedoch auch gute Alternativen.} (10... Re8 11.
h5 Bf6 (11... Bg4 12. Be2 Qc8 13. h6 g6 14. Nxe5 Bxe2 15. Nxg6 $1 Bxd1 16. Qd4
$18 {Ponomariov - Gelfand (Odessa, 2008)}) 12. Kb1 a6 13. Nh2 b5 14. Be2 Bb7
15. f4 Nd7 16. Bf3 Bxf3 17. gxf3 Qe7 18. Ng4 Qe6 19. Rdg1 $40 {Svidler -
Kramnik (Moscow, 2005)}) (10... Bg4 11. Be2 Qc8 12. h5 h6 13. Kb1 Re8 14. Rde1
Bf6 15. Nh2 Bxe2 16. Qxe2 d5 17. Bc1 Qd7 $11 {Jakovenko - Volokitin (Dagomys,
2008)}) (10... Nxf3 {Es ist nicht klar, ob das Nehmen gut ist. Man spielt so
nicht, aber vielleicht ist die Angst vor dem weißen Angriff übertrieben.} 11.
gxf3 Be6 12. Bd3 f5 $1 {Dies begrenzt die weiße Aktivität am Königsflügel.} 13.
Bg5 Qd7 14. Rde1 Rae8 $11 {Radjabov - Motylev (Izmir, 2004)}) 11. c4 {Ein
neuer Zug von Gashimov, der ohne Probleme bei Gelfand widerlegt wurde.} Be6 $1
{Wenn der Angriff auf den Bauern funktioniert, dann ist alles in bester
Ordnung. Die kritische Stellung entsteht nach 12.Ng5.} 12. Ng5 (12. b3 $2 Nxf3
13. gxf3 d5 $15 {Die offene lange Diagonale spielt gegen Weiß - sein König ist
nun auch nicht der beste.}) 12... Nxc4 (12... Bxc4 $2 13. Bxc4 Nxc4 14. Qd3 $18
) 13. Qd3 (13. Bxc4 Bxc4 $17 {Weiß kann keinen Nutzen aus der Lage der
schwarzen Figuren ziehen.}) 13... Bxg5 $1 {Es sieht aus wie Selbstmord, doch
Schwarz hat genug Zeit, um seinen König zu sichern. Außerdem ist es der
einzige Zug, der nicht verliert. Boris Gelfand muss das vorausgesehen haben,
als er 11....Be6! zog.} 14. hxg5 g6 15. Bf4 {Den Läufer muss Weiß behalten,
ansonsten wird er gar keine Kompensation haben.} (15. Bd4 $2 Qxg5+ 16. Kb1 c5
17. Bc3 d5 $19) ({Die Idee auf Matt zu spielen funktioniert ebenfalls nicht:} 
15. Qd4 $2 Nxe3 16. Qh4 $2 h5 $19) 15... Qb6 16. Qd4 {Nach dem Damentausch hat
Schwarz nichts zu fürchten.} (16. Qc3 Qxf2 17. g3 Nb6 18. Bxd6 Nd5 {und nun
muss Weiß die Damen doch tauschen} 19. Qd2 (19. Qd3 Rfd8 20. Be5 Bg4 $19) (19.
Qe5 Rfe8 20. Rd2 Qe3 $17) 19... Qxd2+ 20. Rxd2 Rfe8 21. Rdh2 Bg4 $15) 16...
Qxd4 17. Rxd4 d5 18. Bxc4 dxc4 19. Be5 {Weiß hat gute Kompensation für den
Bauern. "Nebenbei" droht 20.Rxh7. Das Beste, was Schwarz machen kann, ist den
Bauern zurückgeben, und damit die weiße Initiative zu beseitigen.} f5 $1 (19...
f6 $6 {ist schlechter, weil Weiß mit dem Läufer nehmen kann:} 20. Bxf6 $16) (
19... Rad8 $2 20. Rxh7 $1 f6 21. Re7 $1 Rxd4 (21... fxe5 22. Rxd8 Rxd8 23. Rxe6
Kf7 24. Rxe5 $18) 22. Bxd4 Bd5 23. gxf6 $18) 20. gxf6 (20. Rdh4 $2 Rf7 $15 {
Schwarz hat keine Probleme.}) 20... Rae8 {Weiß steht nicht besser, Schwarz
will demnächst seinen Läufer auf d5 stellen, die Türme auf e6 und f7, und die
Festung wird unantastbar sein.} 21. Rh6 {Schwer zu verstehen, was die Idee von
diesem Zug ist. Vermutlich hat Gashimov Remis forcieren wollen.} c3 22. Rxh7 {
Bringt das Remis sofort herbei.} (22. b3 $2 Bxb3 $17) (22. bxc3 Bxa2 23. f4 Be6
$11) 22... cxb2+ 23. Kxb2 Kxh7 24. Rh4+ Kg8 25. f7+ Kxf7 26. Rh7+ Kg8 27. Rh8+
(27. Rg7+ Kh8 28. Rxb7+ Kg8 29. Rg7+ Kh8 30. Rxa7+ Kg8 31. Rg7+ Kh8 $11 {
Weiß kann nichts mehr im gegnerischen Lager vernichten.}) 27... Kf7 28. Rh7+
Kg8 29. Rh8+ 1/2-1/2

[Event "Tata Steel-A 74th"]
[Site "Wijk aan Zee"]
[Date "2012.01.15"]
[Round "2"]
[White "Navara, David"]
[Black "Gelfand, Boris"]
[Result "1/2-1/2"]
[WhiteElo "2712"]
[BlackElo "2739"]
[Annotator "Kritz,L"]
[PlyCount "60"]
[EventDate "2012.01.14"]
[EventType "tourn"]
[EventRounds "13"]
[EventCountry "NED"]
[EventCategory "21"]
[SourceTitle "CBM 147"]
[Source "ChessBase"]
[SourceDate "2012.03.16"]
[SourceVersion "1"]
[SourceVersionDate "2012.03.16"]
[SourceQuality "1"]

1. e4 e5 2. Nf3 Nf6 3. Nxe5 d6 4. Nf3 Nxe4 5. Bd3 {Wenn man einfach Schach
spielen will, ist es eine Möglichkeit, aber von einem Eröffnungsvorteil kann
da keine Rede sein.} (5. Nc3 Nxc3 6. dxc3 Be7 7. Be3 Nc6 {Das ist der
sicherste Weg zum Ausgleich. Wenn Schwarz mehr Gegenspiel haben will, kann er
auch den Plan mit der kurzen Rochade spielen.} (7... O-O 8. Qd2 Nd7 9. O-O-O
Re8 10. h4 c6 11. Kb1 Qa5 12. h5 h6 13. Bd3 Ne5 $132 {Dominguez Perez -
Gelfand (Nice, 2010)}) 8. Qd2 Be6 9. O-O-O Qd7 10. Kb1 a6 (10... Bf6 {ist auch
möglich} 11. h4 O-O-O 12. Ng5 Bf5 13. Bd3 Bxd3 14. Qxd3 h5 $11 {Inarkiev -
Wang Yue (Astrakhan, 2010)}) 11. Ng5 Bxg5 12. Bxg5 f6 13. Be3 O-O-O $11 {
Inarkiev - Adams (Baku, 2008)}) 5... Nf6 {Die sicherste Fortsetzung. 5...d5
ist ebenfalls möglich.} (5... d5 6. Qe2 Qe7 7. O-O Nd6 8. Qd1 Qd8 9. Re1+ Be7
10. Qe2 (10. Nc3 c6 11. Qe2 Bg4 12. b3 Bxf3 13. Qxf3 O-O 14. Ba3 Nc8 15. Qh3 g6
16. Bxe7 Nxe7 17. Re2 Kg7 18. Rae1 Ng8 19. Qg3 Nd7 $11 {Movsesian -
Harikrishna (Sarajevo, 2009)}) 10... Bg4 11. b4 c6 12. Bb2 Bxf3 13. gxf3 Nd7
$13 {Polgar - Macieja (Budapest, 2002)}) 6. h3 {Weiß spielt gegen den Läufer
c8.} Be7 7. O-O O-O {Schwarz spielt sehr einfach und stark.} 8. c3 b6 $1 {
Wenn der Läufer nicht nach g4 oder f5 gehen kann, dann ist die lange Diagonale
eine gute Alternative.} 9. Bc2 Bb7 10. d4 Nbd7 11. Nbd2 (11. Re1 Re8 12. Nbd2
Bf8 13. Rxe8 Qxe8 {Figurentausch erleichtert die Aufgabe von Schwarz.} 14. Nf1
g6 15. Bf4 Bg7 16. Ne3 Nd5 17. Nxd5 Bxd5 $11 {Tiviakov - Wang Yue 
(Khanty-Mansiysk, 2007)}) (11. Bg5 Re8 12. Re1 Nd5 13. Qd3 g6 14. Bd2 c5 15. c4
Nc7 16. Bc3 (16. d5 b5 $1 17. b3 $4 Bf6 18. Bc3 $2 Rxe1+ 19. Nxe1 b4 $1 20.
Bxf6 Qxf6 $19) 16... d5 $11 {Ni Hua - Motylev (Tiayuan, 2005)}) 11... Re8 12.
Nc4 Bf8 13. Bg5 h6 {13....Qc8 ist ebenfalls spielbar.} (13... Qc8 14. Ne3 Be4
15. Bb3 Qb7 16. Nd2 Bg6 $11 {Najer - Lintchevski (Taganrog, 2011)}) 14. Bh4 g6
{Die schwarzen Figuren stehen sehr solide, und Weiß hat eigentlich keinen
wirklich gefährlichen Plan.} 15. Ne3 Bg7 16. Nh2 (16. Re1 Qc8 $11) 16... Qc8 {
Wieder ein solider Zug.} (16... g5 $6 {Das ist zu aggressiv.} 17. Bg3 Ne4 18.
Nf5 $14) 17. Nhg4 {Weiß hat nichts gefunden. Wenn Figuren getauscht werden,
wird die schwarze Aufgabe leichter.} (17. Re1 $5 Nh5 $1 $11) 17... Nxg4 18.
Nxg4 (18. hxg4 Nf6 $11 {Nun hat die Dame auch das gute Feld d7.}) 18... f5 $1 {
Schwarz riskiert nicht, weil sein Koenig nicht geschwaecht ist. Nach Nf6-Qd7
sind genugend Figuren da, um ihn zu beschuetzen.} 19. Ne3 Nf6 $1 {Natuerlich
nicht g5.} (19... g5 $4 20. Nxf5 gxh4 21. Qg4 $18) 20. Re1 Kh8 {Der Koenig
geht dem moeglichen Schach aus dem Weg.} (20... f4 $2 21. Bxf6 Bxf6 22. Ng4 $16
) (20... Qd7 21. Ba4 c6 22. d5 $1 b5 23. dxc6 Bxc6 (23... Qxc6 24. Qb3+ Kh7 25.
Bxb5 $18) 24. Bb3+ Kh7 25. Bxf6 Bxf6 26. Bd5 $16) 21. f3 Qd7 $1 {Jetzt
funktioniert Ba4 nicht mehr so gut.} 22. Qd2 (22. Ba4 b5 $1 $11 {und da Weiss
keinen Schach Qb3 hat, ist Schwarz in Ordnung.}) 22... Nd5 {Je mehr getauscht
wird, desto besser fuer Schwarz.} 23. Bf2 Kh7 24. Bb3 Nxe3 25. Rxe3 Rxe3 26.
Bxe3 Re8 $11 {Die Stellung ist absolut ausgeglichen.} 27. Re1 a5 28. Bc2 Bd5
29. b3 Bf7 30. a4 Bf6 1/2-1/2

[Event "Elista FIDE GP"]
[Site "Elista"]
[Date "2008.12.25"]
[Round "10"]
[White "Leko, Peter"]
[Black "Gashimov, Vugar"]
[Result "1-0"]
[WhiteElo "2747"]
[BlackElo "2703"]
[Annotator "Kritz,L"]
[PlyCount "113"]
[EventDate "2008.12.14"]
[EventType "tourn"]
[EventRounds "13"]
[EventCountry "RUS"]
[EventCategory "19"]
[SourceTitle "CBM 128"]
[Source "ChessBase"]
[SourceDate "2009.01.28"]
[SourceVersion "1"]
[SourceVersionDate "2009.01.28"]
[SourceQuality "1"]

1. e4 e5 2. Nf3 Nf6 3. Nxe5 d6 4. Nf3 Nxe4 5. Nc3 {Die moderne Variante.} ({
Die alte klassische Spielweise nach} 5. d4 d5 6. Bd3 Nc6 7. O-O Be7 8. c4 Bf5
9. Nc3 Nb4 10. Be2 O-O 11. a3 Nxc3 12. bxc3 Nc6 13. Re1 Re8 14. cxd5 Qxd5 15.
Bf4 Rac8 $11 {führt zu einer Stellung, die mit Hilfe des Computers fast bis
zum Ende ausanalysiert wurde und ein Ausgleich als Diagnose festgestellt wurde.
}) 5... Nxc3 6. dxc3 Be7 7. Be3 (7. Bf4 {ist eine parallele Variante, in der
die einfachste Methode auszugleichen dieselbe ist, wie nach 7.Be3.} Nc6 8. Qd2
Be6 9. O-O-O Qd7 10. Kb1 a6 11. Ng5 Bxg5 12. Bxg5 f6 13. Be3 O-O-O $11 {
Inarkiev - Gashimov (Elista, 2008)}) 7... Nc6 8. Qd2 Be6 $1 {Wenn man als
Schwarzspieler Russisch als Eröffnung wählt, dann sollte man auch nicht in die
Verführung reinfallen, und den remislichen Varianten ausweichen. Die Variante
mit der langen Rochade ist sicherlich die solidste Fortsetzung gegen den von
Weiß gewählten Aufbau.} (8... O-O 9. O-O-O Ne5 10. Kb1 Re8 (10... a6 11. Be2
Be6 12. Nd4 Nc4 13. Qd3 Nxe3 14. Nxe6 fxe6 15. Qxe3 e5 16. Bd3 $14 {Anand -
Kramnik (Monte Carlo, 2005)}) 11. h4 Bg4 12. Be2 Qc8 13. h5 Bf6 14. Nxe5 Bxe2
15. Qxe2 Bxe5 16. Qf3 $14 {Bologan - Charbonneau (Turin, 2006)}) 9. O-O-O Qd7
10. h4 (10. Ng5 Bxg5 11. Bxg5 f6 12. Be3 O-O-O $11 {Der Vorteil des
Läuferpaares ist nicht auszunutzen.}) (10. Bb5 a6 11. Ba4 O-O 12. Rhe1 b5 13.
Bb3 Na5 $1 (13... Bxb3 14. axb3 a5 15. Qd5 $14 {Karjakin - Kritz (Gothenburg,
2005)}) 14. Bxe6 fxe6 $132) (10. Kb1 a6 11. Nd4 Nxd4 12. cxd4 d5 13. Bd3 Bf5
14. Rhe1 Bxd3 15. Qxd3 O-O $11 {Adams - Gashimov (Baku, 2008)}) 10... O-O-O $2
{Wozu?! Vielleicht ist die Partiestellung auch spielbar, doch es bietet sich
an, mit 10...h6! das Feld g5 abzudecken, wonach Weiß nicht mal in die Nähe
eines Vorteils kommen kann.} (10... h6 11. Bb5 (11. Kb1 O-O-O 12. Nd4 Nxd4 13.
Bxd4 Rhg8 14. h5 c5 15. Be3 Qc6 $11 {Adams - Nielsen (Dortmund, 2005)}) 11...
a6 12. Ba4 b5 13. Bb3 Bf6 14. Bd5 O-O-O $1 $11 (14... Rb8 15. Kb1 Bxd5 16. Qxd5
$14 {Zawadzka - Socko (Karpacz, 2008)})) 11. Ng5 Bxg5 12. hxg5 $14 {Zu dem
Läuferpaar hat Weiß auch noch die h-Linie.} a6 13. b3 Kb8 14. c4 {Leko
verstärkt langsam seine Stellung.} Rdf8 {Schwarz hat vor, die Stellung zu
öffnen. Ich denke, es ist keine richtige Strategie gegen das Läuferpaar! Aber
was soll man sonst machen - einen anderen Plan gibt es auch nicht.} 15. Bd3 Bf5
$1 {Das ist sicherlich ein richtiger Versuch - tauscht man einen Läufer, so
gleicht sich die Stellung fast aus.} 16. Be2 $1 Bg4 (16... f6 17. c5 $1 fxg5
18. cxd6 cxd6 19. Bxg5 $16) 17. f3 Be6 (17... Bf5 18. g4 Bg6 19. c5 $14) 18.
Qc3 f6 {Einziger Zug, es gibt keinen anderen Weg, den Bauern zu verteidigen.} (
18... g6 19. Rh6 Qe7 20. Rdh1 Re8 21. Bf4 $16) 19. gxf6 Rxf6 20. b4 $5 {
Ein riskanter Plan. Man hätte es auch auf dem Königsflügel versuchen können.} (
20. g4 $5 Rff8 21. Rhg1 {/\f4-f5} Ne5 22. Bd4 $16) 20... Ne7 21. Kb2 Nc8 22. b5
(22. c5 $1 {Das sieht sehr unangenehm aus.} Qa4 (22... d5 23. c6 Qxc6 24. Qxc6
bxc6 25. Bxa6 $16) 23. a3 dxc5 24. Bxc5 Nb6 $2 {Sieht logisch aus, aber...} 25.
Bxb6 cxb6 26. Rxh7 $3 Rxh7 27. Rd8+ Ka7 28. Qe5 $18) 22... axb5 23. cxb5 Re8
24. Bd3 (24. Rxh7 Bf5 25. Rh5 Rfe6 26. Rxf5 Rxe3 27. Bd3 Nb6 $44) 24... Bf5 25.
Bc4 (25. Bxf5 $2 Qxb5+ 26. Ka1 Qxf5 $19) 25... Be6 26. Bf1 Bg8 27. Bd4 Rf4 28.
a4 Qf7 29. Qb3 (29. a5 $5 Qa2+ 30. Kc1 Ne7 31. Re1 $14) 29... Qf8 30. Bc4 Bxc4
31. Qxc4 Nb6 32. Qb3 d5 $1 {Weiß hat einen großen Teil seines Vorteils
verloren - der Königsangriff war ein ziemlich zweischneidiges Unternehmen.} 33.
Rxh7 Nc4+ (33... Re2 $5 34. Rdh1 (34. Bxb6 Rb4 35. Rdh1 Rxb3+ 36. Kxb3 Re8 $132
) 34... Nc4+ 35. Ka1 Qd6 36. Rh8+ Rf8 37. Bxg7 Rxh8 38. Rxh8+ Ka7 39. Bd4+ b6
$44) 34. Ka2 g5 $2 {Zu passiv, Schwarz erlaubt den Abtausch seines aktiven
Turmes. Immer noch wäre der direkte Angriff eine bessere Lösung:} (34... Re2 $1
35. Bxg7 Qf5 36. Rh8+ Ka7 $40) 35. Rh8 $1 Qf7 36. Rxe8+ Qxe8 37. Bc3 $14 {
Weiß hat wieder einen soliden Vorteil.} g4 $2 (37... Qe6 {würde Schwarz mehr
Chancen lassen - den d5-Bauern sollte man nicht geben, weil damit der Punkt c4
verloren geht.} 38. Re1 Qg6 $14) 38. Rxd5 $1 gxf3 39. gxf3 Nb6 40. Re5 Qd8 41.
a5 Ra4+ 42. Kb2 Nc4+ 43. Kc1 Qf8 44. Kb1 Na3+ 45. Ka1 $3 (45. Ka2 Nxb5+ $1 $11)
45... Rf4 46. Ka2 Nc4 47. Rh5 {Jetzt ist die Partie vorbei.} Rxf3 48. b6 cxb6
49. axb6 Nxb6 50. Rb5 (50. Be5+ {gewinnt effektvoller!} Ka7 (50... Kc8 51. Qe6+
Nd7 52. Bd6 $18) 51. Bc7 $3 Rxb3 52. Ra5#) 50... Nd7 51. Rxb7+ Kc8 52. Rxd7
Kxd7 53. Qb7+ Ke6 54. Qc6+ Qd6 55. Qxf3 Qa6+ 56. Kb1 Qb6+ 57. Bb2 1-0

[Event "Givataim int"]
[Site "Givataim"]
[Date "1998.12.??"]
[Round "?"]
[White "Kundin, Alexander"]
[Black "Ribshtein, Zvi"]
[Result "1-0"]
[WhiteElo "2425"]
[BlackElo "2320"]
[Annotator "Kundin/Alterman"]
[PlyCount "97"]
[EventDate "1998.12.??"]
[EventType "tourn"]
[EventRounds "1"]
[EventCountry "ISR"]
[SourceTitle "CBM 068"]
[Source "ChessBase"]
[SourceDate "1999.02.01"]
[SourceVersion "1"]
[SourceVersionDate "1999.02.01"]
[SourceQuality "1"]

{[%mdl 32768]} 1. e4 e5 2. Nf3 Nf6 3. Nxe5 d6 4. Nf3 Nxe4 5. d4 d5 6. Bd3 Be7
7. O-O Nc6 8. c4 Nb4 9. Be2 O-O 10. Nc3 Be6 11. Be3 Bf5 12. Rc1 dxc4 13. Bxc4
Nxc3 $6 (13... c6 14. Ne5 Nxc3 15. bxc3 Nd5 {Theory}) 14. bxc3 Nd5 {/\Ba3} 15.
Qb3 Be6 16. Ne5 $1 {[%mdl 4]} f6 $6 {This move weakens all black's position
and  should've been avoided.} (16... Rb8 {/\b5!} 17. Bxd5 Bxd5 (17... Qxd5 18.
Qxd5 Bxd5 19. Nd7 Bxa2 20. Nxb8 Rxb8 21. Ra1 Bc4 $14) 18. c4 Be4 $14) 17. Nd3
Kh8 18. Rfe1 (18. Qxb7 $5 Nxe3 19. Bxe6 Nxf1 20. Rxf1 $44) 18... Rb8 {/\b5} {
[%tqu "En","Find a strong strategic move...","","","e3f4","",15]} 19. Bf4 $1 {
[%csl Rd5,Re6]} Bf5 (19... Nxf4 20. Nxf4 Bxc4 21. Qxc4 $14 {[%csl Re6] /+/-})
20. Bxd5 Bxd3 21. Bxb7 $16 Bd6 22. Bxd6 cxd6 23. c4 {[%cal Gc4c8]} Bg6 24. c5
dxc5 25. dxc5 Bf7 26. Qb2 Bd5 (26... Bxa2 27. c6 Qd5 28. Red1 Qb3 29. Qxb3 Bxb3
30. Rd3 Be6 31. Ra3 $18) 27. c6 Qc7 28. Qa3 Rfe8 29. Red1 Rbd8 30. h3 Re5 31.
Qg3 $138 (31. Qxa7 Rg5 $132) 31... Rd6 $138 32. h4 {The simplest winning plan
in this position is to double rooks on the d-file and force black to exchange
its active rooks. Black literally cannot move. However, during the zeitnot I
decided not to rush.} h6 33. Qa3 $6 (33. Rd2 Kh7 34. Rcd1 $18) 33... Re4 34.
Qg3 Re5 35. Qa3 Re4 36. Qh3 Rd8 37. Qg3 Re5 38. Re1 Rde8 39. Rxe5 Rxe5 {
Now, with only one rook left the winning is a matter of few moves.} 40. a4 a5
41. Ba6 $1 $18 {The bishop moves to b5 where he will protect both pawns and
help to advnace the c pawn.} Re7 $6 42. Bb5 Qxg3 43. fxg3 Rc7 44. Kf2 Kg8 45.
Ke3 Kf7 46. Kd4 Ke6 47. Kc5 f5 48. Re1+ Be4 49. Kb6 1-0

[Event "EU-ch 13th"]
[Site "Plovdiv"]
[Date "2012.03.22"]
[Round "3"]
[White "Zhigalko, Sergei"]
[Black "Guliyev, Namig"]
[Result "1-0"]
[WhiteElo "2649"]
[BlackElo "2532"]
[Annotator "Let's Check Training"]
[PlyCount "51"]
[EventDate "2012.03.20"]
[EventType "swiss"]
[EventRounds "11"]
[EventCountry "BUL"]
[SourceTitle "CBM 148"]
[Source "ChessBase"]
[SourceDate "2012.05.16"]
[SourceVersion "1"]
[SourceVersionDate "2012.05.16"]
[SourceQuality "1"]

1. e4 e5 2. Nf3 Nf6 3. Nxe5 d6 4. Nf3 Nxe4 5. Nc3 Nf6 6. d4 Be7 7. Bd3 O-O 8.
h3 b6 9. O-O Bb7 10. Re1 Nbd7 11. Bf4 Re8 12. d5 Bf8 13. Qd2 Rxe1+ 14. Rxe1 a6
15. Bg5 h6 16. Bh4 b5 17. a3 Nb6 18. Nd4 Nbxd5 19. Nxd5 Bxd5 20. Qf4 c5 $2 (
20... Bb7 21. Nf5 g5 $11) 21. Nf5 $18 g5 22. Bxg5 hxg5 23. Qxg5+ Kh8 {[%tqu
"En","","","","e1e8","",10]} 24. Re8 $3 Nxe8 25. Qh5+ Kg8 {[%tqu "En","","","",
"f5e7","",10]} 26. Ne7+ $1 1-0